Central Library OPAC University of Rajshahi
Normal view MARC view

Entry Personal Name

Number of records used in: 2

001 - CONTROL NUMBER

  • control field: 14633

003 - CONTROL NUMBER IDENTIFIER

  • control field: BD-RjUL

005 - DATE AND TIME OF LATEST TRANSACTION

  • control field: 20241209121312.0

008 - FIXED-LENGTH DATA ELEMENTS

  • fixed length control field: 241209|| aca||aabn | a|a d

040 ## - CATALOGING SOURCE

  • Original cataloging agency: BD-RjUL
  • Transcribing agency: BD-RjUL

100 ## - HEADING--PERSONAL NAME

  • Personal name: Thilly, Frank,
  • Dates associated with a name: 1865-1934

670 ## - SOURCE DATA FOUND

  • Source citation: Work cat.: (BD-RjUL)44642: Weber, Alfred, 1835-1914. 136941, History of philosophy / , [c1925]